000 00468nab a2200181 a 4500
001 20711
003 57612
005 20201118100000.0
008 ||||||n9999 ||| || ||
100 _aVelasco Ch, Hector Fabio
245 0 _aModernizacion de las fuerzas armadas
300 _app. 28-31
562 _e0
650 _aFUERZAS MILITARES
650 _aREFORMA ORGANIZACIONAL
773 _020707
_aRevista de las Fuerzas Armadas - No.140
942 _cSART
999 _c20711
_d20711